Score 0/20 Timer 04:00
0 Plays Today
% Correct
Breaking Bad
94.6%
ER
91.4%
The Walking Dead
91%
Orange is the New Black
87.1%
21 Jump Street
81.4%
Mad Men
81.3%
Desperate Housewives
81.1%
Beverly Hills 90210 (original)
77.3%
Law and Order: Special Victims Unit
76.9%
Homeland
75.1%
% Correct
Gilmore Girls
73.8%
Freaks & Geeks
73.2%
24
66.1%
Felicity
61%
Jericho
57.2%
The Americans
56.7%
Doctor Who (classic series)
56%
The Black List
54.5%
Chuck
51.9%
The Cosby Mysteries
36.7%
Remove Ads.
Support Sporcle.
Get the best of Sporcle when you Go Orange. This ad-free experience offers more features, more stats, and more fun while also helping to support Sporcle. Thank you for becoming a member.

You're not logged in!

Compare scores with friends on all Sporcle quizzes.
OR
Log In

Show Comments

Extras

Top Quizzes Today


Score Distribution

Your Account Isn't Verified!

In order to create a playlist on Sporcle, you need to verify the email address you used during registration. Go to your Sporcle Settings to finish the process.

Report this User

Report this user for behavior that violates our Community Guidelines.

Details: